Đang tải...

Gurupatham/

Chi tiết về thư mục
Tác giả chính: Ramakanthan Kilimanoor
Định dạng: Printed Book
Được phát hành: Thiruvananthapuram: Prabhat, 2000.
Những chủ đề:
LEADER 00959nam a22002171a 4500
020 |a 9788177050899 
082 |a M1  |b RAM/G 
100 |a Ramakanthan Kilimanoor  |9 166916 
245 |a Gurupatham/  |c by Ramakanthan Kilimanoor 
260 |a Thiruvananthapuram:  |b Prabhat,  |c 2000. 
300 |a 143p. 
600 |a Epic Poetry Malayalam  |9 166917 
650 |a Poetry Malayalam  |9 166918 
650 |a Mahakavyum  |9 166919 
650 |a Literature Malayalam  |9 166920 
650 |a Literature  |9 166921 
942 |c BK 
999 |c 16803  |d 16803 
952 |0 0  |1 0  |4 0  |6 M_1_000000000000000_RAM_G  |7 0  |9 23695  |a SSUS  |b SSUS  |c STACKS  |d 2015-01-08  |g 60.00  |o M1 RAM/G  |p 036718  |r 2015-01-08  |v 0.00  |w 2015-01-08  |y BK 
952 |0 0  |1 0  |4 0  |6 M_1_000000000000000_RAM_G  |7 0  |9 23696  |a SSUS  |b SSUS  |c STACKS  |d 2015-01-08  |g 60.00  |o M1 RAM/G  |p 036719  |r 2015-01-08  |v 0.00  |w 2015-01-08  |y BK 
952 |0 0  |1 0  |4 0  |6 M_1_000000000000000_RAM_G  |7 0  |9 23697  |a SSUS  |b SSUS  |c STACKS  |d 2016-07-07  |g 60.00  |o M1 RAM/G  |p 047050  |r 2016-07-07  |w 2016-07-07  |y BK